000 00352nam a2200145Ia 4500
008 230312s9999||||xx |||||||||||||| ||und||
020 _a9789696520917
082 _a891.4
_bFAR-T
100 _aفرخ سہیل گوئنری
245 0 _aترکی ہی ترکی
260 _bJamhori
_apak
_c2017
300 _a215
650 _aLiterature
942 _cBK
999 _c14887
_d14887